000 00223 a2200097 4500
001 11414
100 _aNascibeh, H.
245 _aThe Poling Ideas of Arab Nationa
260 _a
_bCornell University
_c
090 _c8956
_d8956
942 _aNUST-CAE
_cM
_c35773
999 _c246487
_d246487